| 000 | 01432nam a22003857a 4500 | ||
|---|---|---|---|
| 003 | CHAP | ||
| 005 | 20220329141257.0 | ||
| 008 | 971010s1986 r 00010 d | ||
| 010 | _a65617 | ||
| 011 | _a66589 | ||
| 035 | _a74987 | ||
| 040 | _cCHAP | ||
| 082 |
_a584.9 _bL4 |
||
| 100 | 0 | 0 |
_aLebgue, Toutcha. _965345 |
| 245 | _aManual para identificar las gramíneas de Chihuahua | ||
| 260 |
_aChihuahua, Chih : _bGobierno del Estado, _c1986 |
||
| 300 |
_a231 p. _b: ilus |
||
| 590 |
_aBATCH-UPD _b10 _c20130110 _lUCH01 _h0154 |
||
| 590 |
_aBATCH-UPD _b10 _c20130110 _lUCH01 _h1807 |
||
| 590 |
_aBATCH-UPD _b10 _c20130409 _lUCH01 _h2155 |
||
| 590 |
_aBATCH-UPD _b10 _c20130410 _lUCH01 _h1142 |
||
| 590 |
_aBATCH-UPD _b10 _c20130914 _lUCH01 _h1551 |
||
| 590 |
_aCONVERSION _b10 _c20130109 _lUCH01 _h1336 |
||
| 650 | 1 | 4 |
_aGramíneas _xChihuahua. _950263 |
| 650 | 1 | 4 |
_aGramíneas _xClasificación. _950264 |
| 700 | 0 |
_aChihuahua. Gobierno del Estado. _922308 |
|
| 700 | 0 |
_aValerio, Alfonso. _9117533 |
|
| 901 | _aBK | ||
| 942 | _cLIBRO | ||
| 949 |
_a584.9 L4 _bBC _cC _d33724000525788 _eC _fc.4 _h75574 _i74987 _si _t57.00 |
||
| 949 |
_a584.9 L4 _bBC _cC _d33724000525853 _eC _fc.5 _h75707 _i74987 _si _t57.00 |
||
| 949 |
_a584.9 L4 _bBC _cC _d33724000525861 _eC _h75462 _i74987 _si _t57.00 |
||
| 949 |
_a584.9 L4 _bBC _cC _d33724000525879 _eC _fc.2 _gI. c/e _h75463 _i74987 _si _t57.00 |
||
| 949 |
_a584.9 L4 _bBC _cC _d33724000525887 _eC _fc.3 _gI.c/e _h75464 _i74987 _si _t57.00 |
||
| 999 |
_c65617 _d65617 |
||